[Event "GRE-chT 47th"]
[Site "Patras"]
[Date "2019.07.06"]
[Round "7.4"]
[White "Georgitsi, Sofia"]
[Black "Kiousi, Panagiota"]
[Result "0-1"]
[WhiteElo "1487"]
[BlackElo "1895"]
[PlyCount "178"]
[EventDate "2019.07.02"]
[EventType "team-swiss"]
[EventRounds "7"]
[EventCountry "GRE"]
[SourceTitle "CBM 191 Extra"]
[Source "ChessBase"]
[SourceDate "2019.09.30"]
[SourceVersion "1"]
[SourceVersionDate "2019.09.30"]
[SourceQuality "1"]
[WhiteTeam "Pefkis"]
[BlackTeam "Purchases of New Crystal"]
[WhiteTeamCountry "GRE"]
[BlackTeamCountry "GRE"]

1. e4 c5 2. Nf3 d6 3. d4 cxd4 4. Nxd4 Nf6 5. Nc3 a6 6. Be2 e6 7. Be3 Nbd7 8. 0-0 Be7 9. f4 0-0 10. Bf3 Qc7 11. Kh1 Nc5 12. Qe2 Rb8 13. g4 b5 14. a3 Bb7 15. Qg2 Ne8 16. g5 f5 17. h4 fxe4 18. Nxe4 e5 19. Nxc5 exd4 20. Ne6 Qc8 21. Bxb7 Rxb7 22. Nxd4 Kh8 23. c3 d5 24. Kh2 Bd6 25. Qxd5 Re7 26. Qf3 Qc4 27. Rad1 Qc7 28. Kg3 h6 29. Rde1 Bc5 30. Bg1 Rxf4 31. Qxf4 Bd6 32. Rxe7 Bxf4+ 33. Rxf4 Qxe7 34. Kg4 Qd7+ 35. Kg3 Qe7 36. Kg4 hxg5 37. hxg5 g6 38. Bf2 Ng7 39. Rf6 Qd7+ 40. Kh4 Qd5 41. Bg3 Qe4+ 42. Kh3 Qh1+ 43. Kg4 Qh5+ 44. Kf4 Qh3 45. Rf8+ Kh7 46. Bf2 Qf1 47. Ke3 Qc1+ 48. Kd3 Qxg5 49. Be3 Qd5 50. Rf6 g5 51. Rxa6 Nf5 52. Rb6 Qc4+ 53. Kd2 Ng3 54. Bxg5 Ne4+ 55. Ke3 Nxg5 56. Rxb5 Nf7 57. Rb4 Qc5 58. a4 Nd6 59. Kd3 Kg6 60. Nb5 Nf5 61. b3 Qd5+ 62. Nd4 Nd6 63. Rb6 Kg5 64. Rb8 Qe4+ 65. Kd2 Nc4+ 66. bxc4 Qf4+ 67. Kc2 Qxb8 68. Nb5 Kf5 69. Kb3 Ke4 70. Kb4 Qf8+ 71. c5 Kd5 72. c4+ Kc6 73. Nd4+ Kb7 74. Kb5 Qe8+ 75. c6+ Kc7 76. c5 Qe4 77. Kc4 Qb1 78. a5 Qa2+ 79. Kb4 Qb2+ 80. Kc4 Qa1 81. Nb3 Qa4+ 82. Kc3 Kxc6 83. Nd4+ Kxc5 84. Nb3+ Kd5 85. Kb2 Kc4 86. Nd2+ Kb4 87. Ne4 Qxa5 88. Kc2 Qd5 89. Nc3 Qc4 0-1

[Event "GRE-chT 46th"]
[Site "Rio Achaia"]
[Date "2018.07.15"]
[Round "7.10"]
[White "Skiadopoulou, Afroditi Lelouda"]
[Black "Georgitsi, Sofia"]
[Result "1-0"]
[WhiteElo "1491"]
[BlackElo "1420"]
[PlyCount "91"]
[EventDate "2018.07.10"]
[EventType "team"]
[EventRounds "7"]
[EventCountry "GRE"]
[SourceTitle "CBM 185 Extra"]
[Source "ChessBase"]
[SourceDate "2018.07.29"]
[SourceVersion "1"]
[SourceVersionDate "2018.07.29"]
[SourceQuality "1"]
[WhiteTeam "Portrait"]
[BlackTeam "So Thomas Georgiou"]
[WhiteTeamCountry "GRE"]
[BlackTeamCountry "GRE"]

1. e4 e5 2. Nc3 Nc6 3. g3 Nf6 4. Bg2 Bc5 5. d3 d6 6. Na4 Bb6 7. Nxb6 axb6 8. Ne2 0-0 9. 0-0 Re8 10. f4 exf4 11. Bxf4 h6 12. Nc3 Ne5 13. h3 Ng6 14. Bd2 Bd7 15. Qf3 Ne5 16. Qf2 Kh7 17. Ne2 Rf8 18. Nd4 Qc8 19. Nf5 Bxf5 20. exf5 Kg8 21. Qf4 Ra7 22. g4 b5 23. g5 Ra4 24. Qe3 hxg5 25. Qxg5 c6 26. Rf2 Qd8 27. b4 Nh7 28. Qg3 Re8 29. h4 Qe7 30. Bh3 Qc7 31. f6 g6 32. h5 c5 33. Qf4 g5 34. Qg3 Kh8 35. Rf5 Rg8 36. Kh2 g4 37. Bg2 Qd7 38. Qf4 g3+ 39. Kg1 Rg4 40. Qf1 cxb4 41. Be4 Ra8 42. Bh6 Qc7 43. Bg7+ Kg8 44. Qc1 Rc8 45. Rf1 b6 46. Bxh7+ 1-0

[Event "GRE-chT 46th"]
[Site "Rio Achaia"]
[Date "2018.07.14"]
[Round "6.12"]
[White "Georgitsi, Sofia"]
[Black "Patriki, Alexandra"]
[Result "0-1"]
[WhiteElo "1420"]
[BlackElo "1355"]
[PlyCount "96"]
[EventDate "2018.07.10"]
[EventType "team"]
[EventRounds "7"]
[EventCountry "GRE"]
[SourceTitle "CBM 185 Extra"]
[Source "ChessBase"]
[SourceDate "2018.07.29"]
[SourceVersion "1"]
[SourceVersionDate "2018.07.29"]
[SourceQuality "1"]
[WhiteTeam "So Thomas Georgiou"]
[BlackTeam "Florence FL"]
[WhiteTeamCountry "GRE"]
[BlackTeamCountry "GRE"]

1. e4 e5 2. Nf3 Nc6 3. Bb5 a6 4. Ba4 Nf6 5. d3 d6 6. c3 g6 7. 0-0 Bg7 8. Re1 0-0 9. h3 b5 10. Bc2 h6 11. d4 Bb7 12. d5 Ne7 13. a4 Rb8 14. Bd3 Nh7 15. axb5 axb5 16. Nh2 f5 17. f3 f4 18. Qe2 Nf6 19. Bxb5 Bc8 20. Nd2 h5 21. Ra7 g5 22. Bd3 Kh8 23. Qf2 Rg8 24. Be2 Bh6 25. Kh1 Kh7 26. b4 Kh8 27. Bb2 Ne8 28. Rea1 Ng6 29. Ra8 Rxa8 30. Rxa8 Ng7 31. Ba6 Qd7 32. Bxc8 Rxc8 33. Rxc8+ Qxc8 34. Qa7 Ne8 35. b5 Kg8 36. c4 Bf8 37. Ba3 Nf6 38. b6 cxb6 39. Qxb6 Ne8 40. c5 Kh8 41. cxd6 Qd7 42. Nc4 Nf6 43. Qc6 Qa7 44. Bc5 Qa1+ 45. Bg1 Nh4 46. Qc8 Qa2 47. Qxf8+ Ng8 48. d7 Qxg2# 0-1

[Event "GRE-chT 46th"]
[Site "Rio Achaia"]
[Date "2018.07.10"]
[Round "1.8"]
[White "Chasouraki, Chrysi"]
[Black "Georgitsi, Sofia"]
[Result "1-0"]
[WhiteElo "1026"]
[BlackElo "1420"]
[PlyCount "95"]
[EventDate "2018.07.10"]
[EventType "team"]
[EventRounds "7"]
[EventCountry "GRE"]
[SourceTitle "CBM 185 Extra"]
[Source "ChessBase"]
[SourceDate "2018.07.29"]
[SourceVersion "1"]
[SourceVersionDate "2018.07.29"]
[SourceQuality "1"]
[WhiteTeam "Chania Kaissa"]
[BlackTeam "So Thomas Georgiou"]
[WhiteTeamCountry "GRE"]
[BlackTeamCountry "GRE"]

1. e4 e5 2. Nf3 Nc6 3. Bc4 Nf6 4. d3 h6 5. 0-0 d6 6. Re1 g6 7. c3 Bg7 8. d4 Qe7 9. Bb5 Bd7 10. d5 Nb8 11. Bxd7+ Nbxd7 12. c4 0-0 13. Nc3 a5 14. h3 Nc5 15. Qc2 Kh7 16. Be3 Nfd7 17. b3 f5 18. Bc1 f4 19. Bb2 g5 20. a3 h5 21. Nh2 Nf6 22. f3 Qd7 23. b4 axb4 24. axb4 Rxa1 25. Rxa1 Na6 26. Ba3 g4 27. fxg4 hxg4 28. hxg4 Nxg4 29. Qe2 Nxh2 30. Kxh2 Bh6 31. Qf3 Rg8 32. Ne2 Qe7 33. Rh1 Qh4+ 34. Kg1 Qe1+ 35. Kh2 Qh4+ 36. Kg1 Qg4 37. Qxg4 Rxg4 38. Kf2 Kg6 39. Ra1 Bg5 40. b5 Nb8 41. Bb4 Bh4+ 42. Kf3 Kh5 43. Ra7 c5 44. bxc6 bxc6 45. Rb7 cxd5 46. cxd5 Na6 47. Bxd6 Bf6 48. Rb6 1-0

[Event "GRE-ch U12 Girls"]
[Site "Achaia"]
[Date "2017.06.27"]
[Round "2"]
[White "Foinikianaki, Stella"]
[Black "Georgitsi, Sofia"]
[Result "1-0"]
[WhiteElo "1215"]
[BlackElo "1437"]
[PlyCount "53"]
[EventDate "2017.06.26"]
[EventType "swiss"]
[EventRounds "9"]
[EventCountry "GRE"]
[SourceTitle "CBM 179 Extra"]
[Source "ChessBase"]
[SourceDate "2017.08.23"]
[SourceVersion "1"]
[SourceVersionDate "2017.08.23"]
[SourceQuality "1"]

1. e4 e5 2. Nf3 Nc6 3. Bc4 Nf6 4. Ng5 d5 5. exd5 Na5 6. Bb5+ c6 7. dxc6 bxc6 8. Qf3 h6 9. Ne4 Nd5 10. Nbc3 Be6 11. Nxd5 Bxd5 12. Ba4 Be7 13. 0-0 0-0 14. Qf5 Qc7 15. d3 Nb7 16. Bd2 Nc5 17. Bb3 Rad8 18. Nc3 Be6 19. Qf3 Qd7 20. Qg3 Kh7 21. Qxe5 Bd6 22. Qe3 Rde8 23. Ne4 Nxe4 24. dxe4 Rd8 25. Ba5 Rde8 26. Rfd1 Qe7 27. e5 1-0

[Event "GRE-ch U10 Girls"]
[Site "Rio Achaia"]
[Date "2015.07.02"]
[Round "9.4"]
[White "Kanteraki, Maria Myrto"]
[Black "Georgitsi, Sofia"]
[Result "0-1"]
[WhiteElo "1074"]
[BlackElo "1323"]
[PlyCount "101"]
[EventDate "2015.06.26"]
[EventType "swiss"]
[EventRounds "9"]
[EventCountry "GRE"]
[SourceTitle "EXT 2024"]
[Source "ChessBase"]
[SourceDate "2023.10.10"]
[SourceVersion "1"]
[SourceVersionDate "2023.10.10"]
[SourceQuality "1"]

1. e4 e5 2. Nf3 Nc6 3. d4 exd4 4. Nxd4 Bc5 5. Be3 Qf6 6. c3 Bb6 7. Bc4 Nge7 8. 0-0 0-0 9. f4 Rd8 10. Nc2 d6 11. Bxb6 axb6 12. Nd2 Be6 13. Ne3 d5 14. e5 Qg6 15. Be2 d4 16. Bh5 Qh6 17. Ng4 Bxg4 18. Bxg4 dxc3 19. bxc3 Nxe5 20. fxe5 Qxd2 21. Qf3 Qd5 22. Qf4 Ng6 23. Qf5 Nxe5 24. Rad1 Qc5+ 25. Kh1 Rxd1 26. Rxd1 Nxg4 27. Qxg4 Qxc3 28. Qh4 h6 29. Rd8+ Rxd8 30. Qxd8+ Kh7 31. h3 Qc4 32. Qc8 Qc6 33. Kg1 g6 34. Qf8 Qd6 35. Qxf7+ Kh8 36. Qe8+ Kg7 37. Qc8 Qc6 38. Kf2 b5 39. Ke3 Kf7 40. g4 Qe6+ 41. Qxe6+ Kxe6 42. Kd4 b6 43. Ke4 c5 44. h4 b4 45. Kd3 b5 46. Ke4 Kd6 47. h5 gxh5 48. gxh5 Ke6 49. Kf4 c4 50. Ke4 Kf6 51. Kd4 0-1

[Event "GRE-ch U10 Girls"]
[Site "Rio Achaia"]
[Date "2015.07.01"]
[Round "8.1"]
[White "Georgitsi, Sofia"]
[Black "Karavitaki, Evaggelia"]
[Result "0-1"]
[WhiteElo "1323"]
[BlackElo "1373"]
[PlyCount "68"]
[EventDate "2015.06.26"]
[EventType "swiss"]
[EventRounds "9"]
[EventCountry "GRE"]
[SourceTitle "EXT 2024"]
[Source "ChessBase"]
[SourceDate "2023.10.10"]
[SourceVersion "1"]
[SourceVersionDate "2023.10.10"]
[SourceQuality "1"]

1. e4 c5 2. Nc3 e6 3. f4 a6 4. d3 Nc6 5. Nf3 d5 6. Be2 Nf6 7. Bd2 b5 8. e5 Nd7 9. 0-0 Be7 10. Qe1 Nd4 11. Nxd4 cxd4 12. Nb1 0-0 13. Kh1 Qc7 14. c3 dxc3 15. Nxc3 d4 16. Ne4 f5 17. Ng3 Nb6 18. Ba5 Rb8 19. b3 Qd7 20. Bf3 Nd5 21. Bxd5 Qxd5 22. Bb4 Bb7 23. Rf2 Bxb4 24. Qxb4 Rbc8 25. Qd2 Rc3 26. Rc1 Rfc8 27. Rxc3 dxc3 28. Qc2 b4 29. Nh5 Qd4 30. Kg1 Rd8 31. Kf1 Qxd3+ 32. Qxd3 Rxd3 33. Ke1 Be4 34. g3 Bf3 0-1

[Event "Mem Triantafylos Siaperas 11th"]
[Site "Athens"]
[Date "2015.02.07"]
[Round "5"]
[White "Kokkoris, Haralambos"]
[Black "Georgitsi, Sofia"]
[Result "1-0"]
[WhiteElo "1794"]
[BlackElo "1199"]
[PlyCount "47"]
[EventDate "2015.01.10"]
[EventType "swiss"]
[EventRounds "7"]
[EventCountry "GRE"]
[SourceTitle "EXT 2024"]
[Source "ChessBase"]
[SourceDate "2023.10.10"]
[SourceVersion "1"]
[SourceVersionDate "2023.10.10"]
[SourceQuality "1"]

1. d4 Nf6 2. c4 e6 3. Nf3 b6 4. Nc3 Bb4 5. Bd2 Bxc3 6. Bxc3 Bb7 7. e3 0-0 8. Be2 d6 9. 0-0 Nbd7 10. Rc1 Ne4 11. Nd2 f5 12. f4 Rf6 13. Nxe4 Bxe4 14. Bf3 Bxf3 15. Rxf3 Rh6 16. d5 Nc5 17. Rg3 g6 18. dxe6 Nxe6 19. Qd5 Kf7 20. Rd1 Rc8 21. e4 fxe4 22. f5 gxf5 23. Qxf5+ Ke7 24. Qxe4 1-0